000 00321nam a2200097Ia 4500
005 20250424112846.0
008 250424s9999 xx 000 0 und d
300 _aiv. , 150 p. ; 25 cm.
650 _aEnglish language--Nigeria--Periodicals. Communication--Nigeria--Periodicals. Nigeria--Languages--Periodicals.
942 _cSR
999 _c37541
_d37541